Meu segredo / Mon secret (notice n° 1547702)
[ vue normale ]
| 000 -LEADER | |
|---|---|
| fixed length control field | 00465cam a2200157 4500500 |
| 005 - DATE AND TIME OF LATEST TRANSACTION | |
| control field | 20251012032552.0 |
| 041 ## - LANGUAGE CODE | |
| Language code of text/sound track or separate title | fre |
| 042 ## - AUTHENTICATION CODE | |
| Authentication code | dc |
| 100 10 - MAIN ENTRY--PERSONAL NAME | |
| Personal name | Alves, Castro |
| Relator term | author |
| 245 00 - TITLE STATEMENT | |
| Title | Meu segredo / Mon secret |
| 260 ## - PUBLICATION, DISTRIBUTION, ETC. | |
| Date of publication, distribution, etc. | 2006.<br/> |
| 500 ## - GENERAL NOTE | |
| General note | 76 |
| 700 10 - ADDED ENTRY--PERSONAL NAME | |
| Personal name | Le Moing, Monique |
| Relator term | author |
| 786 0# - DATA SOURCE ENTRY | |
| Note | Sigila | 17 | 1 | 2006-06-20 | p. 206-207 | 1286-1715 |
| 856 41 - ELECTRONIC LOCATION AND ACCESS | |
| Uniform Resource Identifier | <a href="https://shs.cairn.info/revue-sigila-2006-1-page-206?lang=fr&redirect-ssocas=7080">https://shs.cairn.info/revue-sigila-2006-1-page-206?lang=fr&redirect-ssocas=7080</a> |
Pas d'exemplaire disponible.




Réseaux sociaux